| 000 | 00436nam a2200145Ia 4500 | ||
|---|---|---|---|
| 008 | 220214s9999 xx 000 0 und d | ||
| 245 | 0 | _aApplied Botany Abstracts | |
| 247 | _aCurrent Literature in Plant Science | ||
| 260 |
_bNational Botanical Research Institute _aLucknow |
||
| 310 | _aQ | ||
| 500 | _aEnding Volume & Year: 6, 1986 | ||
| 500 | _aMissing Volume: 1;5;6(1,4) | ||
| 500 | _aStarting Volume & Year: 1, 1981 | ||
| 942 | _cBJ | ||
| 999 |
_c9656 _d9656 |
||